|
|
|
|
| LEADER |
01092nab a2200301 i 4500 |
| 001 |
publ24745 |
| 005 |
20220721153825.0 |
| 008 |
220721s2022 hu o 0|| Angol d |
| 022 |
|
|
|a 2227-9059
|
| 024 |
7 |
|
|a 10.3390/biomedicines10071758
|2 doi
|
| 024 |
7 |
|
|a 33017773
|2 mtmt
|
| 040 |
|
|
|a SZTE Publicatio Repozitórium
|b hun
|
| 041 |
|
|
|a Angol
|
| 100 |
1 |
|
|a Mansour Bassel
|
| 245 |
1 |
0 |
|a Bladder Tissue Microbiome Composition in Patients of Bladder Cancer or Benign Prostatic Hyperplasia and Related Human Beta Defensin Levels
|h [elektronikus dokumentum] /
|c Mansour Bassel
|
| 260 |
|
|
|c 2022
|
| 300 |
|
|
|a Terjedelem: 14 p.-Azonosító: 1758
|
| 490 |
0 |
|
|a BIOMEDICINES
|v 10 No. 7
|
| 650 |
|
4 |
|a Urológia és nefrológia
|
| 700 |
0 |
1 |
|a Monyók Ádám
|e aut
|
| 700 |
0 |
1 |
|a Gajdács Márió
|e aut
|
| 700 |
0 |
1 |
|a Stercz Balázs
|e aut
|
| 700 |
0 |
1 |
|a Makra Nóra
|e aut
|
| 700 |
0 |
1 |
|a Pénzes Kinga
|e aut
|
| 700 |
0 |
1 |
|a Vadnay István
|e aut
|
| 700 |
0 |
1 |
|a Szabó Dóra
|e aut
|
| 700 |
0 |
1 |
|a Ostorházi Eszter
|e aut
|
| 856 |
4 |
0 |
|u http://publicatio.bibl.u-szeged.hu/24745/1/biomedicines-10-01758.pdf
|z Dokumentum-elérés
|